Dios con nosotros : sugerencias para la meditación dedicadas a las jóvenes /

Guardado en:
Bibliografiske detaljer
Hovedforfatter: Alcover, C. (autor)
Format: Bog
Sprog:spansk
Fag:
Tags: Tilføj Tag
Ingen Tags, Vær først til at tagge denne postø!

MARC

LEADER 00000nam^a2200000^a^4500
001 000286786
005 20250521000000.0
009 20260526134759.543
037 |a Acervo Xavier Clavigero 
041 |a ESP 
082 |a 248. 833  |b ALC 
100 |a Alcover, C.  |e (autor) 
245 1 0 |a Dios con nosotros :  |b sugerencias para la meditación dedicadas a las jóvenes /  |c C. Alcover. 
264 |a Zaragoza, España :  |b editorial no identificada,  |c 1953 
300 |a 698 p. 
336 |a texto  |b txt  |2 rdacontenido 
337 |a sin mediación  |b n  |2 rdamedio 
338 |a volumen  |b nc  |2 rdasoporte 
649 |a XX 
650 |a Mujeres 
650 |a Meditación -  |x Tema Principal 
650 |a Vida Espiritual 
650 |a Vida Cristiana 
650 |a Espiritualidad 
650 |a Iglesia Católica 
650 |a Catolicismo 
650 |a Cristianismo 
650 |a Religión 
910 |a Fondo General 
920 |a Impresos - Libros 
930 |a Colección General 
905 |a 101 
901 |a 0500173987  |b IT1  |c ACC  |u 20250521 
902 |a https://opac.biblio.iteso.mx/vufind/Record/000286786